Estudios de Derecho Civil, Comercial y Marítimo. En homenaje al profesor Leslie Tomasello Hart.

Salvato in:
Dettagli Bibliografici
Enti autori: Arancibia Hurtado, Camilo, Cofré Trevia, José
Altri autori: Saavedra Alvarado, Ricardo (Redattore), Peuriot, Luis Felipe (Redattore), Tomasello Weitz, Leslie
Natura: Libro
Pubblicazione: Valparaíso, Chile: Edeval, 2019.
Edizione:Primera edición
Serie:Colección Homenajes
Soggetti:
Tags: Aggiungi Tag
Nessun Tag, puoi essere il primo ad aggiungerne!!

MARC

LEADER 00000nam a22000007a 4500
003 CL-VaPUC
005 20230810102030.0
008 230728t2019 ||||| |||| 00| 0 eng d
999 |c 441438  |d 441436 
020 |a 978-956-200-129-8 (t.I) 
020 |a 978-956-200-128-1 (t.II) 
040 |c Pontificia Universidad Católica de Valparaíso 
082 0 4 |2 22  |a 340.09 SAA 2019 
100 1 |a Saavedra Alvarado, Ricardo  |9 782207  |e editor 
245 1 0 |a Estudios de Derecho Civil, Comercial y Marítimo.  |b En homenaje al profesor Leslie Tomasello Hart. 
250 |a Primera edición 
260 |a Valparaíso, Chile:   |b Edeval,  |c 2019. 
300 |a 2 tomos. 
490 0 |a Colección Homenajes  |n  2. 
500 |a c.1 Donación Bib. Derecho UV. Memo 023/2023 
583 |c 20230728  |k Catalogador Asistente 
600 |a Tomasello Hart, Leslie  |d 1943-2022  |x Homenajes  |9 884132 
650 1 |a Derecho civil  |9 255013 
650 1 |a Derecho comercial  |9 256340 
650 1 |a Derecho marítimo   |9 255301 
700 |a Peuriot, Luis Felipe  |e editor  |9 883940 
700 |a Tomasello Weitz, Leslie  |9 883941 
710 |a Arancibia Hurtado, Camilo  |9 883942 
710 |a Cofré Trevia, José  |9 883943 
942 |2 ddc  |c BK 
952 |0 0  |1 0  |2 ddc  |4 0  |6 340_090000000000000_SAA_2019  |7 0  |8 A  |9 590999  |a BIBDER  |b BIBDER  |d 2023-07-28  |e Donación  |h t.I  |i 5658184  |o 340.09 SAA 2019  |p 5658184  |r 2023-07-28  |t 1  |w 2023-07-28  |y BK  |k DER 
952 |0 0  |1 0  |2 ddc  |4 0  |6 340_090000000000000_SAA_2019  |7 0  |8 A  |9 591000  |a BIBDER  |b BIBDER  |d 2023-07-28  |e Donación  |h t.II  |i 5658185  |o 340.09 SAA 2019  |p 5658185  |r 2023-07-28  |t 1  |w 2023-07-28  |y BK  |k DER